LEADER 00793nam0 2200277 450 001 000003512 005 20060503114741.0 010 $a88-348-1862-8 100 $a20020130d2001----km-y0itay50------ba 101 0 $aita 102 $aIT 200 1 $aManuale di diritto agrario$fAlberto Germanò 205 $a4. ed. 210 $aTorino$cGiappichelli$d2001 215 $aXII, 427 p.$d24 cm 225 2 $aTrittico giuridico$iSezione manuali 410 0$12001$aTrittico giuridico 610 1 $aDiritto agrario 676 $a343.45076 700 1$aGermanò,$bAlberto$0405168 801 0$aIT$bUNIPARTHENOPE$gRICA$2UNIMARC 912 $a000003512 951 $a343-M/32$b35098$cNAVA1$d20020130 951 $aDA-0001$b164$cNAVA3 996 $aManuale di diritto agrario$973491 997 $aUNIPARTHENOPE